000 01784nam0a2200361 4500
001 RU\NLR\bibl\585889
005 20260407065219.0
010 _a5-8465-0282-2
_9500
035 _a(NLR Aleph) 000577872
090 _a1633702
_c1633702
100 _a20041220d2004 |||y0rusy50 ca
101 0 _arus
102 _aRU
105 _ay |||||||||
200 1 _aКогнитивные и риторические основы президентской речи (на материале выступлений В.В. Путина и Б.Н. Ельцина)
_fМ.В. Гаврилова
210 _aСПб.
_cФилол. фак. СПбГУ
_d2004
215 _a294,[1] с.
_d20
225 1 _aФилологические исследования
320 _aБиблиогр.: с. 247-254 и в подстроч. прим.
606 0 _aОраторское искусство
_yРоссийская Федерация
_92363811
_3RU\NLR\auth\661411356
606 0 _aРиторика
_yРоссийская Федерация
_92363812
_3RU\NLR\auth\661411357
606 0 _aРиторика политическая
_yРоссийская Федерация
_92363820
_3RU\NLR\auth\661411361
686 _aШ74
686 _aШ78
700 1 _4070
_8rus
_7ca
_aГаврилова
_bМ. В.
_cд-р филол. наук
_f1964-
_gМарина Владимировна
_3RU\NLR\AUTH\7795609
_978535
702 1 _4570
_8rus
_7ca
_aЕльцин
_bБ. Н.
_f1931-2007
_gБорис Николаевич
_3RU\NLR\auth\7715990
_9125635
702 1 _4570
_8rus
_7ca
_aПутин
_bВ. В.
_f1952-
_gВладимир Владимирович
_3RU\NLR\auth\7714829
_9124492
801 0 _aRU
_bNLR
_c20041220
_gPSBO
801 1 _aRU
_bNLR
_c20041220
942 _cBOOK
980 _aNB